00301nam a22001337a 4500003000400000020001800004082001400022100002000036245003100056250000800087260003800095300000900133650002500142SGT a9789395736473 a614bC23B aBHALWAR, RAJIV  aTB. OF COMMUNITY MEDICINE  a5TH aINDIA bWOLTERS KLUWER PUB c2023 a1035 aCOMMUNITYU MEDICINE